Developing multi-media libraries /

Gespeichert in:
Bibliographische Detailangaben
Hauptverfasser: Hicks, Warren B. (VerfasserIn), Tillin, Alma M. (VerfasserIn)
Format: Buch
Sprache:Englisch
Veröffentlicht: New York : R. R. Bowker, 1970
Ausgabe:[1st ed.]
Schlagworte:
Online-Zugang: Volltext
Tags: Tag hinzufügen
Keine Tags, Fügen Sie den ersten Tag hinzu!

MARC

LEADER 00000cam a2200000 4500
003 SK-BrCVT
005 20220618075638.0
008 090623s1970 xxu e ||||||eng d
035 |a CVTIDW1500728 
040 |b slo  |a CVTI SR  |e AACR2 
041 0 |a eng 
044 |a xxu 
100 1 |a Hicks, Warren B.  |4 aut 
245 1 0 |a Developing multi-media libraries /  |c Warren B. Hicks, Alma M. Tillin 
250 |a [1st ed.] 
260 |a New York :  |b R. R. Bowker,  |c 1970 
300 |a 12, 199 s. 
653 1 |a multimediálna knižnica 
700 1 |a Tillin, Alma M.  |4 aut 
910 |b A298211  |b A298909 
974 |f Knihy 
992 |a AMG 
999 |c 191770  |d 191770